Statistics for Racing circuits by picture #1

Click here to take the quiz!

General Stats

  • This quiz has been taken 50 times
  • The average score is 8 of 12

Answer Stats

Answer% Correct
Circuit de la Sarthe
93%
Indianapolis Motor Speedway
90%
Circuit de Spa-Francorchamps
88%
WeatherTech Raceway Laguna Seca
88%
Mount Panorama Circuit
81%
Guia Circuit
64%
Suzuka Circuit
64%
Brands Hatch
60%
Watkins Glen International
57%
Fuji Speedway
48%
Bristol Motor Speedway
33%
Motorsport Arena Oschersleben
17%

Score Distribution

Percentile by Number Answered

Percent of People with Each Score

Your Score History

You have not taken this quiz